French Cities - Sudden Death - Statistics

General Stats
  • This quiz has been taken 14,122 times
    11,310 since last reset
  • The average score is 11 of 24
Answers on the Grid
Answers color-coded by a green-red scale on the quiz's grid according to % correct below.
Barcelona
Lyon
Genoa
Bordeaux
Nice
Liège
Montreal
Ajaccio
Brest
Constantine
Strasbourg
Lucerne
Cannes
Marseille
Charleroi
Baton Rouge
Rouen
Limoges
Belo Horizonte
Nantes
Palma
Perpignan
Montpelier
Montpellier
Port-au-Prince
Cayenne
Messina
Nîmes
Monza
Avignon
Metz
Berbérati
Paris
Napier
Trier
Dijon
Longueuil
Tilburg
Versailles
New Rochelle
Sidon
Vientiane
Mulhouse
Yaoundé
La Rochelle
Toulouse
Osmaniye
Bissau
Basel
Belém
Lille
 
Answer Stats
Answer % Correct
Lyon
91%
Bordeaux
88%
Nice
88%
Marseille
75%
Cannes
73%
Strasbourg
69%
Nantes
65%
Brest
58%
Rouen
55%
Ajaccio
50%
Limoges
36%
Toulouse
36%
Paris
35%
Perpignan
34%
Montpellier
31%
Dijon
30%
Lille
30%
Nîmes
30%
Versailles
30%
Avignon
28%
Metz
27%
La Rochelle
20%
Mulhouse
17%
Cayenne
15%
No matching quizzes found
Score Distribution
Percent of People with Each Score
Percentile by Number Answered
Your Score History
You have not taken this quiz since the last reset